000 00709nam a2200217Ia 4500
005 20241129111032.0
008 241129s9999||||xx |||||||||||||| ||und||
020 _a9789350643044
037 _aTB
040 _aCRL
_bhin
_cCRL
041 _ahin
_2hin
084 _aO152,3N602x Q6
_qCRL
100 _aअखिलेश, ले.
245 0 _aमेरी प्रिय कहानियॉं
_cअखिलेश, ले.
260 _aदिल्ली, भारत
_bराजपाल एण्ड सन्ज़
_c2016
300 _a135पृ0
365 _aINR
_b150
650 _aHindi LiteratureFiction
_9726203
942 _cTB
_hO152,3N602x Q6
999 _c1228635
_d1228635